Television Speed-Picking Quiz Stats

 Plays Quiz Updated Aug 1, 2016

Challenge
Share
Tweet
Embed
Score 0/50 Timer 02:00
4 Plays Today
% Correct
Lisa
89.5%
Homer
88.7%
Yabba Dabba Doo
87.6%
Bugs Bunny
85.7%
Daffy Duck
85.6%
Eat My Shorts
84.9%
Aaaayyy
84.9%
Wile E. Coyote
80.5%
Moe
80.4%
Bikini Bottom
77.2%
Scooby Doo
76.5%
Tasmanian Devil
76.3%
Velma
76%
Shaggy
75.9%
Krusty Krab
74.9%
Chum Bucket
74.7%
Elmer Fudd
74.7%
Daphne
74.4%
Bazinga
72.4%
Ned
71.6%
Goo Lagoon
70.3%
Fred
70.1%
Shady Shoals
69.5%
Krusty
67.1%
Suit Up
66.8%
% Correct
Pam
61.1%
Jim
60.7%
Cindy
59.4%
Carol
58.5%
Dwight
57.6%
Greg
56.5%
Bobby
56.3%
Garfield
54.5%
Peter
53.6%
Kevin
52.3%
Tigger
51.4%
Pink Panther
48.3%
Stanley
45.6%
The Addams Family
45%
The Andy Griffith Show
44.5%
The Beverly Hillbillies
43.8%
I Dream of Jeannie
42.3%
Capaldi
42%
Tennant
41.7%
Baker
40.8%
Lion-O
40.7%
Smith
40.1%
Eccleston
38%
Batman
30.7%
Salem
26.1%

You're not logged in!

Compare scores with friends on all Sporcle quizzes.
OR
Log In

You Might Also Like...

Show Comments

Extras

Top Quizzes Today


Score Distribution

Your Account Isn't Verified!

In order to create a playlist on Sporcle, you need to verify the email address you used during registration. Go to your Sporcle Settings to finish the process.

Report this User

Report this user for behavior that violates our Community Guidelines.

Details: